| 000 | 00511nam a2200193Ia 4500 | ||
|---|---|---|---|
| 005 | 20250326124918.0 | ||
| 008 | 250326s9999 xx 000 0 und d | ||
| 037 | _aTextbook | ||
| 040 |
_aFMSL _beng _cFMSL |
||
| 041 |
_aeng _2eng |
||
| 084 |
_aX:8F K52 _qFMSL |
||
| 100 | _aBroad H W | ||
| 245 | 0 |
_aGuide to management accounting _cBroad H W; Carmichael K S |
|
| 250 | _a4 | ||
| 260 |
_aLondon _bLondon, H F L _c1965 |
||
| 300 | _a214p | ||
| 942 |
_cTB _hX:8F K52 |
||
| 999 |
_c1275745 _d1275745 |
||